000 00640nam a2200241 a 4500
001 nice12345678
003 IN_TiNIC
005 20260116013129.0
008 050524s1986 newa grp 000 0 eng
020 _a0809114
_c595.7
082 0 0 _a291.82
_bKRA
100 _aKramer, Kenneth
245 _aWorld Scriptures
_b an Introduction to Comparative Religions
260 _aNew York
_bPaulist Press
_c1986
300 _a298p
500 _aincludes index and biblioraphy
505 2 _aReferences
650 _aComparative Religion-Scriptures
700 1 _aKramer, Kenneth
902 _bSRS
942 _cBK
999 _c9783
_d9783